| Tag |
First Indicator |
Second Indicator |
Subfields |
| LEADER |
00000cam a2200000 4500 |
| 001 |
in00000042114 |
| 005 |
20151007070741.0 |
| 008 |
720424s1965 nyua b 00010 eng u |
| 010 |
|
|
|a 64008258
|
| 035 |
|
|
|a (OCoLC)00292068
|
| 035 |
|
|
|9 AAE4636AM
|
| 040 |
|
|
|c OUN
|d TXA
|d UtOrBLW
|
| 049 |
|
|
|a TXAM
|c [452002]
|
| 050 |
|
0 |
|a PA6804.G4
|b A2
|
| 082 |
0 |
|
|a 581.937
|
| 092 |
|
|
|a 581.937
|b A124p, 1965
|
| 100 |
1 |
|
|a Abbe, Elfriede,
|d 1919-2012.
|
| 245 |
1 |
4 |
|a The plants of Virgil's Georgics /
|c Commentary and woodcuts by Elfriede Abbe.
|
| 264 |
|
1 |
|a Ithaca :
|b Cornell University Press,
|c [1965]
|
| 300 |
|
|
|a xvii, 217 pages :
|b illustrations ;
|c 25 cm.
|
| 336 |
|
|
|a text
|b txt
|2 rdacontent
|
| 337 |
|
|
|a unmediated
|b n
|2 rdamedia
|
| 338 |
|
|
|a volume
|b nc
|2 rdacarrier
|
| 504 |
|
|
|a Bibliography: pages 205-210.
|
| 600 |
1 |
0 |
|a Virgil.
|t Georgica.
|
| 650 |
|
0 |
|a Plants in literature.
|
| 999 |
|
|
|a MARS
|
| 999 |
f |
f |
|s d8290b17-3293-3a3e-8072-0a731de7ae0a
|i d5edff78-e430-3d36-9027-56d9e4da5312
|t 0
|
| 952 |
f |
f |
|p noncirc
|a Texas A&M University
|b College Station
|c Sterling C. Evans Library
|d Bodrum (located in Turkey)
|t 0
|e PA6804.G4 A2 1965
|h Library of Congress classification
|i unmediated -- volume
|
| 952 |
f |
f |
|p normal
|a Texas A&M University
|b College Station
|c Sterling C. Evans Library
|d Evans: Library Stacks
|t 0
|e PA6804.G4 A2 1965
|h Library of Congress classification
|i unmediated -- volume
|m A14800992107
|
| 998 |
f |
f |
|a PA6804.G4 A2 1965
|t 0
|l Bodrum (located in Turkey)
|
| 998 |
f |
f |
|a PA6804.G4 A2 1965
|t 0
|l Evans: Library Stacks
|